banner-ar

CEMM3 HANDBOOK: A GUIDE TO THE FINANCIAL CONTROL OF CONTRACTS USING THE CIVIL ENGINEERING STANDARD METHOD OF MEASURMENT, 2nd ed. / (Record no. 22418)

MARC details
000 -الفاتح
حقل البيانات ثابتة الطول 00601nam a2200193Ia 4500
008 - عناصر البيانات ثابتة الطول - معلومات عامة
حقل البيانات ثابتة الطول 140319s9999 xx 000 0 eng d
040 ## - مصدر الفهرسة
وكالة الفهرسة الأصلية GCL /
وكالة النسخ GCL
082 04 - رقم تصنيف ديوى العشرى
رقم التصنيف 624.1
رقم المادة B C
100 1# - المدخل الرئيسى - إسم شخصى
الإسم الشخصى CONDRA, LIOYD W.
245 10 - بيان العنوان
العنوان CEMM3 HANDBOOK: A GUIDE TO THE FINANCIAL CONTROL OF CONTRACTS USING THE CIVIL ENGINEERING STANDARD METHOD OF MEASURMENT, 2nd ed. /
بيان المسئوليه,etc CONDRA, LIOYD W.
260 ## - PUBLICATION, DISTRIBUTION, ETC. (IMPRINT)
تاريخ النشر أو التوزيع 1992
300 ## - الوصف المادى
التعداد 235 P
650 04 - المدخل الاضافى بالموضوع-مصطلح موضوعى
مصطلح موضوعي MEASUREMENT
650 04 - المدخل الاضافى بالموضوع-مصطلح موضوعى
مصطلح موضوعي CIVIL ENGINEERING
650 04 - المدخل الاضافى بالموضوع-مصطلح موضوعى
مصطلح موضوعي تقوية الذاكرة
650 04 - المدخل الاضافى بالموضوع-مصطلح موضوعى
مصطلح موضوعي CESMMY
942 ## - عناصر المدخل الإضافي( كوها)
مصدر التصنيف او مخطط الترفيف Dewey Decimal Classification
Koha [default] item type كتاب
260 ## - PUBLICATION, DISTRIBUTION, ETC. (IMPRINT)
-- [S.N] :
-- THORNTON COX ،
Holdings
حالة التراجع حالة الفقد حالة تلف ليس للاعارة المكان المؤقت الموقع الحالى تاريخ الاكتساب اجمالي اﻻعارات رقم الطلب الباركود تاريخ اخر مشاهدة تاريخ تفعيل السعر نوع وعاء كوها
        مكتبة القاهرة الكبرى مكتبة القاهرة الكبرى 03/26/2014   624.1\B C 40690 03/26/2014 03/26/2014 كتاب

Powered By

EGPV